Ballon d'or : les français les mieux classés - Statistiques

Statistiques générales
  • Ce quiz a été pris 2 478 fois
    379 depuis la dernière actualisation
  • Le résultat moyen est 44 sur 63
Statistiques - réponses
Années Joueurs Rang % Correct
2025 Dembelé 1
99%
2017 Mbappé 7
99%
2019 Mbappé 6
99%
2023 Mbappé 3
99%
2024 Mbappé 6
99%
1997 Zidane 3
98%
1998 Zidane 1
98%
1999 Zidane 19
98%
2000 Zidane 2
98%
2012 Benzéma 21
96%
2014 Benzéma 16
96%
2021 Benzéma 4
96%
2022 Benzéma 1
96%
2011 Benzéma et Abidal 10
96%
2016 Griezmann 3
95%
2018 Griezmann 3
95%
1976 Platini 5
94%
1977 Platini 3
94%
1979 Platini 5
94%
1980 Platini 3
94%
1981 Platini 4
94%
1983 Platini 1
94%
1984 Platini 1
94%
1985 Platini 1
94%
2001 Henry 9
89%
2002 Henry 6
89%
2003 Henry 2
89%
2004 Henry 4
89%
2005 Henry 4
89%
2006 Henry 3
89%
2009 Henry 15
89%
2007 Ribery 17
86%
2008 Ribery 16
86%
2013 Ribery 3
86%
1989 Papin 10
82%
1990 Papin 11
82%
1991 Papin 1
82%
1992 Papin 16
82%
1956 Kopa 3
81%
1957 Kopa 3
81%
1958 Kopa 1
81%
1959 Kopa 2
81%
1960 Kopa 6
81%
1962 Kopa 11
81%
2015 Pogba 15
65%
1993 Cantona 3
52%
1996 Cantona 7
52%
1982 Giresse 2
36%
1994 Desailly 9
33%
1995 Desailly 11
33%
1972 Trésor 18
30%
1978 Tresor 19
30%
1970 Djorkaeff 24
20%
1986 Amoros 4
12%
1987 Amoros 12
12%
1963 Herbin 17
3%
1961 Muller 28
2%
1964 Combin 19
1%
1967 Combin 27
1%
1965 Gondet 17
1%
1969 Gress 23
1%
1974 Guillou 19
1%
1975 Guillou 23
1%
Aucun quiz correspondant
Distribution des résultats
% des personnes avec chaque résultat
Percentile par nombre de réponses
Votre historique - résultats
Vous n’avez pas pris ce quiz depuis la dernière actualisation